Mathematiques pour l'etudiant scientifique. Tome 1 T.1

Saved in:
Bibliographic Details
Main Author: Haug, Philippe-Jacques
Format: Book
Language:Vietnamese
Published: EDP Sciences 2000
Tags: Add Tag
No Tags, Be the first to tag this record!
Institutions: Mạng thư viện Đại học Đà Nẵng
LEADER 00647nam a2200253 4500
001 000022817
003 19266
005 20150515100514.0
008 150515s2000 viesd
020 |c 00 
041 0 |a vie 
082 1 4 |a 507  |b HA-P 
100 1 |a Haug, Philippe-Jacques 
245 1 0 |a Mathematiques pour l'etudiant scientifique. Tome 1  |b T.1  |c Philippe-Jacques Haug 
260 |b EDP Sciences  |c 2000 
300 |a tr.  |c cm. 
OWN |a LSP 
999 |a From the UDN01 
TYP |a Monograph 
TYP |a Printed language 
980 |a Mạng thư viện Đại học Đà Nẵng